000 00466nam a2200181 a 4500
001 0000-9168
003 ELIB.Books
008 110520 1996
035 _a(ELIB.Books)0000-9320
082 _a253
_bMal
100 _aMalphurs, Aubrey
245 _aValues-Driven Leadership
260 _bGrand Rapids: Baker Books
_c1996
650 _aChristian Leadership
942 _2ddc
_cBK
990 _a2
998 _cbat
_e2011-05-20
_mcat
_u2019-11-19
999 _c9168
_d9168